SELECTED tree species for forest plantations in Peninsular Malaysia : a preliminary consideration

Bibliographic Details
Corporate Author: Institut Penyelidikan Perhutanan Malaysia (FRIM)
Other Authors: Ahmad Zuhaidi Yahya, Zakaria Ibrahim
Format: Book
Published: Kuala Lumpur : Forest Research Institute Malaysia , 1994
Series:Research pamphlet ; no. 116
Subjects:

MARC

LEADER 00000cam a2200000 7i4500
001 0000003010
005 20040331.0
090 0 0 |a RP 582.16095951   |b SEL 1994 
245 0 0 |a SELECTED tree species for forest plantations in Peninsular Malaysia :   |b a preliminary consideration   |c Ahmad Zuhaidi Yahya ... (et al.); editors Zakaria Ibrahim, Wickneswari Ratnam 
260 0 0 |a Kuala Lumpur :   |b Forest Research Institute Malaysia ,   |c 1994 
300 |a ix, 68 p. :   |b ill. ;   |c 30 cm. 
440 0 0 |a Research pamphlet ; no. 116 
500 0 0 |a Bibliography : p. 62-68 
650 0 0 |a Trees   |z Peninsular Malaysia 
700 0 1 |a Ahmad Zuhaidi Yahya 
700 0 1 |a Zakaria Ibrahim 
710 1 1 |a Institut Penyelidikan Perhutanan Malaysia (FRIM) 
998 |a JPSM 
999 |a 0000005338   |b Monograph   |c Open Shelf   |e Default branch 
999 |a 0000005339   |b Monograph   |c Open Shelf   |e Default branch